000 00596nam a2200193 i 4500
001 92295
003 ES-MaACL
007 t|
008 050224s1975 sp ||||1| spa d
100 1 _aLichtheim, George.
_972194
245 1 0 _aBreve historia del socialismo /
_cGeorge Lichtheim; [traductor: Josefina Rubio].
260 _aMadrid :
_bAlianza,
_c[1975]
300 _a448 p. ;
_c18 cm.
490 1 _aEl libro de bolsillo ;
_vv. 563
700 1 _aRubio, Josefina.
_9100356
830 0 3 _aEl libro de bolsillo
_vv. 563
_9177802
852 _aES-MaACL
_jE-7403
_bR.91947
999 _c92295
_d92295